00485nam a2200145Ia 4500008004100000041001200041082001100053100001700064245008200081260000600163650000600169942000700175999001700182952014000199221030s9999 xx 000 0 und d aEnglish a105.23 aP. S. Dhogal 0aBasic Electrical Engineering With Numerical Problems Vol. IIcby P. S. Dhogal c0 aB cBK c12041d12041 pB 955l0o105.23 r2022-10-30 00:00:00w2022-10-30yBK003Print4070aMIETLIBbMIETLIBcBL-, FL-, CUP-0, SH-0, R-0d2012-06-2010HBE